| 000 | 00851nam a2200253 a 4500 | ||
|---|---|---|---|
| 999 |
_c2315 _d2315 |
||
| 008 | 200305s2012 ii ad||| m|||a00| 0 eng d | ||
| 040 |
_aKO _beng |
||
| 041 | 0 | _aeng | |
| 044 | _aii | ||
| 082 | 0 | 4 |
_223 _a378.242 _bPRM1012 |
| 100 | 1 |
_aPius, John _eResearcher |
|
| 245 | 1 | 2 |
_aA Study on the Critical Issues in Truck Transport Operation, A Case Study of Chakiat Agency / _cJohn Pius ; Guide Lekha Ravi |
| 260 |
_aKochi : _bIndian Maritime University, _c2012 |
||
| 300 |
_a89 p. : _bill., charts ; _c29 cm. |
||
| 490 | 0 |
_aMBA Project 2017-19 ; _v1024217214 |
|
| 502 | _aProject (MBA)–Indian Maritime University. School of Maritime Management, 2012. | ||
| 650 | 0 | _aTrucking | |
| 650 | 0 | _aTransportation | |
| 655 | 7 |
_2lcsh _aDissertations, Academic _y2012 |
|
| 700 | 1 |
_aRavi, Lekha _cDr. _eGuide |
|
| 904 | _aReshma_R | ||
| 942 | _cTH | ||